000
00284nam a2200109Ia 4500
008
171211s9999 xx 000 0 und d
245
_a
Richard Wagner-Chronik
245
_c
Eckart Kröplin
260
_c
2016
650
_x
music
856
_u
http://down.ebook777.com/060/347602587X.pdf
999
_c
348688
_d
348688